000 00752nam a2200217 a 4500
001 55394
003 BD-RjUL
005 20211209080247.0
008 161117r19441943ii ||||| |||| 00| 0 ben d
035 _a(BD-RjUL)55516
040 _aBD-RjUL
_bben
_cBD-RjUL
041 _aben
082 _223
100 _aসেন, গণনাথ
_9165005
245 1 0 _aআয়ুর্বেদ-পরিচয় /
_cগণনাথ সেন
260 _aকলিকাতা :
_bবিশ্বভারতী,
_c১৯৪৩ [মুদ্রণ ১৯৪৪]
300 _a৭১ পৃ. ;
_c১৭ সেমি.
650 _aরোগচিকিত্সাবিজ্ঞান
_9165006
650 _aTherapeutics
_9165007
942 _2ddc
_cBK
999 _c55394
_d55394